000 002820000a22000970004500
100 1 _aDeiros, Pablo A. (Alberto) (1945-)
245 1 0 _aTransfondo del catolicismo Latinoamericano
300 _aVol. 9, Num 4 (Diciembre, 1990) Páginas 24-25
773 0 _tIglesia y Misión
942 _cANA
999 _c51900
_d51900